| 000 | 00768nam a2200229 i 4500 | ||
|---|---|---|---|
| 001 | 68050 | ||
| 003 | ES-MaACL | ||
| 005 | 20250721151258.0 | ||
| 007 | t| | ||
| 008 | 040217s1919 sp |||| |dspa d | ||
| 100 | 1 |
_aGanivet, Ángel, _d1865-1898 _953864 |
|
| 245 | 1 | 0 |
_aEpistolario / _cde Ángel Ganivet. |
| 250 | _a2ª ed. | ||
| 260 |
_aMadrid : _bVictoriano Suárez, _c1919 ( _fHijos de Tello) |
||
| 300 |
_a304 p. ; _c19 cm. |
||
| 530 | _aDisponible en formato digital. | ||
| 600 | 1 | 7 |
_aGanivet, Ángel, _d1865-1898- _vCorrespondencia _9166717 |
| 852 |
_aES-MaACL _jF-5330 _cDEPO2 _zRevisado enlace: 21 de julio de 2025 |
||
| 856 | 4 |
_uhttps://archive.org/details/epistolari00gani/page/n8 _yInternet Archive |
|
| 942 | _2udc | ||
| 999 |
_c68050 _d68050 |
||